I wish I had her life (barbie) - lyrics - Statistics

General Stats
  • This quiz has been taken 31 times
  • The average score is 177 of 189
Answer Stats
Answer % Correct
And
100%
Be
100%
Her
100%
I
100%
Life
100%
Me
100%
She
100%
So
100%
Wish
100%
Would
100%
Another
95%
At
95%
Can
95%
Do
95%
Free
95%
Hair
95%
Has
95%
I'd
95%
In
95%
It
95%
Just
95%
Look
95%
Love
95%
Morning
95%
Never
95%
Night
95%
That
95%
The
95%
Then
95%
To
95%
Way
95%
Wear
95%
Beautiful
89%
Could
89%
Every
89%
For
89%
Had
89%
Happen
89%
Have
89%
My
89%
Nice
89%
Purple
89%
Rock
89%
Tea
89%
Wants
89%
What
89%
Whatever
89%
Wouldn't
89%
Bright
84%
Doesn't
84%
Dreamed
84%
Everything
84%
Might
84%
Nails
84%
Need
84%
Oh
84%
Polite
84%
Right
84%
Room
84%
Suddenly
84%
Time
84%
As
79%
Crazy
79%
Throne
79%
Bonbons
74%
Spotlight
74%
Dares
68%
Grounds
68%
They'd
63%
Stroll
58%
Woah
42%
No matching quizzes found
Score Distribution
Percent of People with Each Score
Percentile by Number Answered
Your Score History
You have not taken this quiz